000
00305nam a22001337a 4500
008
171127b xxu||||| |||| 00| 0 eng d
020
_a
9781895565577
041
_a
eng
080
_a
070
100
_a
30
101
_a
EDU
245
_a
SECRETS OF POWER PRESENTATIONS
_c
PETER..U.B
942
_2
udc
_c
BK
999
_c
38555
_d
38555